ბათუმის შოთა რუსთაველის სახელმწიფო უნივერსიტეტის ბიბლიოთეკა

Management for Nurses and Health Professionals: (ბიბ.ჩანაწერი № 61660)

000 -LEADER
fixed length control field 00651nam a22001817a 4500
005 - DATE AND TIME OF LATEST TRANSACTION
control field 20240411125308.0
008 - FIXED-LENGTH DATA ELEMENTS--GENERAL INFORMATION
fixed length control field 240411s2004 enk||||| |||| 00| 0 eng d
020 ## - INTERNATIONAL STANDARD BOOK NUMBER
International Standard Book Number 9780632064335
041 ## - LANGUAGE CODE
Language code of text/sound track or separate title eng
080 ## - UNIVERSAL DECIMAL CLASSIFICATION NUMBER
Universal Decimal Classification number 614+005 H-64
100 ## - MAIN ENTRY--PERSONAL NAME
Personal name Hewison, Alistair
9 (RLIN) 21768
245 ## - TITLE STATEMENT
Title Management for Nurses and Health Professionals:
Remainder of title Theory into Practice /
Statement of responsibility, etc. Alistair Hewison.
264 ## - PRODUCTION, PUBLICATION, DISTRIBUTION, MANUFACTURE, AND COPYRIGHT NOTICE
Place of production, publication, distribution, manufacture Oxford :
Name of producer, publisher, distributor, manufacturer Blackwell Science,
Date of production, publication, distribution, manufacture, or copyright notice 2004.
300 ## - PHYSICAL DESCRIPTION
Extent 202 p. ;
Other physical details 25 cm.
653 ## - INDEX TERM--UNCONTROLLED
keyword ექთნების მენეჯმენტი
653 ## - INDEX TERM--UNCONTROLLED
keyword პროფესიონალები ჯანდაცვაში
942 ## - ADDED ENTRY ELEMENTS (KOHA)
Source of classification or shelving scheme
Koha item type წიგნი
ეგზემპლარები
Withdrawn status Lost status Source of classification or shelving scheme Damaged status Not for loan Permanent Location Current Location Shelving location Date acquired Cost, normal purchase price Full call number Barcode Date last seen Copy number Price effective from Koha item type Public note
          ბათუმის შოთა რუსთაველის სახელმწიფო უნივერსიტეტის მთავარი ბიბლიოთეკა ბათუმის შოთა რუსთაველის სახელმწიფო უნივერსიტეტის მთავარი ბიბლიოთეკა წიგნსაცავი 2024-04-11 86.00 614+005 H-64 67801 2024-04-11 67801 2024-04-11 წიგნი 86 ლ.